Fishing gear survey in botum sarkor district koh konh province, ការអង្កេតឧបករណ៍នេសាទដែលប្រើនៅឃុំថ្មស ស្រុកបូទុមសាគរ ខេត្តកោះកុង (Record no. 4036)

000 -LEADER
fixed length control field 00604nam a22001577a 4500
003 - CONTROL NUMBER IDENTIFIER
control field OSt
005 - DATE AND TIME OF LATEST TRANSACTION
control field 20151208140906.0
008 - FIXED-LENGTH DATA ELEMENTS--GENERAL INFORMATION
fixed length control field 151204b xxu||||| |||| 00| 0 eng d
040 ## - CATALOGING SOURCE
Transcribing agency RUA
082 ## - DEWEY DECIMAL CLASSIFICATION NUMBER
Classification number FIS DY 2003 B187 Or.1
100 ## - MAIN ENTRY--PERSONAL NAME
9 (RLIN) 4323
Personal name DY, LEAK.
245 ## - TITLE STATEMENT
Title Fishing gear survey in botum sarkor district koh konh province, ការអង្កេតឧបករណ៍នេសាទដែលប្រើនៅឃុំថ្មស ស្រុកបូទុមសាគរ ខេត្តកោះកុង
260 ## - PUBLICATION, DISTRIBUTION, ETC. (IMPRINT)
Place of publication, distribution, etc. Phnom Penh
Name of publisher, distributor, etc. RUA
Date of publication, distribution, etc. 2003
300 ## - PHYSICAL DESCRIPTION
Extent 46p.
Other physical details ill.
Dimensions 29cm.
942 ## - ADDED ENTRY ELEMENTS (KOHA)
Source of classification or shelving scheme
Koha item type FIS
Holdings
Price effective from Date last seen Permanent Location Not for loan Date acquired Source of classification or shelving scheme Koha item type Barcode Lost status Damaged status Shelving location Withdrawn status Current Location Full call number
2015-12-042015-12-04Library Block B 2015-12-04 FISRUA037087  B187 Library Block BFIS DY 2003 B187 Or.1
2015-12-052015-12-05Library Block B 2015-12-05 FISRUA037704  B187 Library Block BFIS DY 2003 B187 Or.3
2015-12-052015-12-05Library Block B 2015-12-05 FISRUA035403  B187 Library Block BFIS DY 2003 B187 Or.4
2015-12-052015-12-05Library Block B 2015-12-05 FISRUA035176  B187 Library Block BFIS DY 2003 B187 Or.5
2015-12-052015-12-05Library Block B 2015-12-05 FISRUA036844  B187 Library Block BFIS DY 2003 B187 Or.6
មជ្ឈមណ្ឌលឯការនៃសាកលវិទ្យាល័យភូមិន្ទកសិកម្មចំការដូង

Powered by Koha